Fr. Conceicao Rodrigues College of Engineering

Text Book of Engineering Mathematics (Record no. 33347)

MARC details
000 -LEADER
fixed length control field 00318nam a2200145Ia 4500
082 ## - DEWEY DECIMAL CLASSIFICATION NUMBER
Classification number 519
Item number BHA
100 ## - MAIN ENTRY--PERSONAL NAME
Personal name Bhatia/M.L
245 ## - TITLE STATEMENT
Title Text Book of Engineering Mathematics
260 ## - PUBLICATION, DISTRIBUTION, ETC.
Name of publisher, distributor, etc. Everest Pub.House
Place of publication, distribution, etc. Pune
Date of publication, distribution, etc. 1998
300 ## - PHYSICAL DESCRIPTION
Extent 411
490 ## - SERIES STATEMENT
Volume/sequential designation III
546 ## - LANGUAGE NOTE
Language note ENGLISH
654 ## - SUBJECT ADDED ENTRY--FACETED TOPICAL TERMS
Focus term engineering
942 ## - ADDED ENTRY ELEMENTS (KOHA)
Koha item type BOOK
Holdings
Withdrawn status Lost status Damaged status Not for loan Collection Home library Current library Date acquired Total Checkouts Full call number Barcode Date last seen Price effective from Koha item type Cost, normal purchase price Cost, replacement price
        CRC Fr. Agnel's C.Rodrigues College of Engineering Fr. Agnel's C.Rodrigues College of Engineering 17/03/2023   519 BHA 10686 17/03/2023 17/03/2023 BOOK    
        CRC Fr. Agnel's C.Rodrigues College of Engineering Fr. Agnel's C.Rodrigues College of Engineering 17/03/2023   519 BHA 10687 17/03/2023 17/03/2023 BOOK    
        CRC Fr. Agnel's C.Rodrigues College of Engineering Fr. Agnel's C.Rodrigues College of Engineering 17/03/2023   519 BHA 10688 17/03/2023 17/03/2023 BOOK    
        CRC Fr. Agnel's C.Rodrigues College of Engineering Fr. Agnel's C.Rodrigues College of Engineering 17/03/2023   510 BHA 1573 17/03/2023 17/03/2023 BOOK 50.00 50.00